[Event "Titled Tuesday intern op 3rd Sept"]
[Site "Chess.com INT"]
[Date "2019.09.03"]
[Round "1"]
[White "Kazmin, Dmitrij"]
[Black "Srbis, Jurica"]
[Result "0-1"]
[WhiteElo "2305"]
[BlackElo "2445"]
[PlyCount "134"]
[EventDate "2019.09.03"]
[EventType "swiss (blitz)"]
[EventRounds "10"]
[EventCountry "USA"]
[SourceTitle "EXT 2021"]
[Source "ChessBase"]
[SourceDate "2020.10.23"]
[SourceVersion "1"]
[SourceVersionDate "2020.10.23"]
[SourceQuality "1"]

1. e4 e5 2. Nf3 Nc6 3. Bc4 Nf6 4. d3 Be7 5. 0-0 0-0 6. Bb3 d6 7. c3 h6 8. Nbd2 Nh7 9. Re1 Kh8 10. d4 Ng5 11. Nxg5 Bxg5 12. Nf3 Bxc1 13. Qxc1 Qf6 14. Qe3 Bg4 15. d5 Ne7 16. Bd1 Ng6 17. Nd2 Bxd1 18. Raxd1 Qh4 19. Qg3 Qe7 20. Nc4 Kh7 21. Ne3 Nf4 22. Nf5 Qf6 23. Re3 g6 24. Nh4 c6 25. dxc6 bxc6 26. Nf3 Rab8 27. b3 Rfe8 28. c4 Rbd8 29. h3 d5 30. exd5 cxd5 31. cxd5 e4 32. Ne1 Nxd5 33. Re2 Nc3 34. Rdd2 Nxe2+ 35. Rxe2 Rd1 36. Kh2 Qe5 37. Qxe5 Rxe5 38. Nf3 Re7 39. Nd2 f5 40. Nc4 h5 41. h4 Red7 42. Kg3 Rh1 43. Rc2 Rd3+ 44. Kf4 Rxh4+ 45. Kg5 Rg4+ 46. Kf6 Rxg2 47. Ne5 Rd6+ 48. Ke7 Rb6 49. Rc7 h4 50. Nd7 Kh6 51. Rxa7 h3 52. Nxb6 h2 53. Ra8 Kg7 54. Ke6 h1Q 55. Nd5 Qc1 56. Ra7+ Kh6 57. Ne7 Kg5 58. Kf7 Rxf2 59. Ra6 e3 60. Rxg6+ Kf4 61. Nd5+ Ke4 62. Nf6+ Kf3 63. Rg5 f4 64. Rf5 e2 65. Nd5 e1Q 66. Rxf4+ Qxf4+ 67. Nxf4 Kxf4 0-1